| 000 | 00856nam a2200253 a 4500 | ||
|---|---|---|---|
| 008 | |||
| 020 | _a0226240754 (cased) | ||
| 049 | _aMAIN | ||
| 090 | _aHF1359INT | ||
| 245 | 0 | 0 |
_aInternational economic cooperation / _cedited and with an introduction by Martin Feldstein. |
| 260 |
_aChicago : _bUniversity of Chicago Press, _c1988. |
||
| 300 |
_ax, 335 p. ; _c24 cm. |
||
| 440 | _aA National Bureau of Economic Research conference report | ||
| 504 | _aIncludes bibliographical references. | ||
| 500 | _aIncludes index. | ||
| 650 | 0 |
_aInternational economic relations _vCongresses. |
|
| 700 | 1 | _aFeldstein, Martin S. | |
| 710 | 2 | _aNational Bureau of Economic Research. | |
| 907 |
_a.b10053451 _b20-06-06 _c17-04-03 |
||
| 003 | |||
| 005 | 20230123133228.0 | ||
| 040 | _cNUST | ||
| 942 |
_cBOOKS _kHF1359INT |
||
| 999 |
_c144985 _d144985 |
||